[Event "XV Torneo Leonardo di Bona B"]
[Site "Cutro ITA"]
[Date "2009.04.24"]
[Round "5"]
[White "Virelli, Salvatore"]
[Black "De Zerbi, Sergio"]
[Result "0-1"]
[WhiteElo "1467"]
[BlackElo "1612"]
[PlyCount "94"]
[EventDate "2009.04.20"]

1. e4 c5 2. Nf3 a6 3. d4 cxd4 4. Nxd4 e5 5. Nf3 Nf6 6. Bg5 Qa5+ 7. Bd2 Qb6 8.
Nc3 Bc5 9. Qe2 d6 10. Na4 Qc6 11. Nxc5 Qxc5 12. O-O-O Be6 13. Kb1 h6 14. h3
Nbd7 15. Qd3 d5 16. exd5 e4 17. Qc3 Qxd5 18. b3 exf3 19. Bc4 Qc6 20. Bxe6 fxe6
21. Qxc6 bxc6 22. gxf3 Kf7 23. Rhg1 a5 24. Bc3 Rhg8 25. Bxf6 Nxf6 26. Rd3 a4
27. c4 axb3 28. axb3 Ra3 29. Kb2 Rga8 30. Kc3 Ra2 31. Rf1 Ke7 32. Rd2 Nh5 33.
Rd4 Re2 34. c5 Ra5 35. Kd3 Raa2 36. Kc4 Rxf2 37. Rxf2 Rxf2 38. Rd6 Nf4 39. Rxc6
Nd5 40. b4 Rxf3 41. Ra6 Rf4+ 42. Kb3 Rxb4+ 43. Ka3 Rb5 44. Ra7+ Kf6 45. c6 Rc5
46. Ra6 g5 47. Kb3 h5 0-1

[Event "XV Torneo Leonardo di Bona B"]
[Site "Cutro ITA"]
[Date "2009.04.25"]
[Round "6"]
[White "Camposano, Antonio"]
[Black "Ielapi, Vito"]
[Result "0-1"]
[WhiteElo "1359"]
[BlackElo "1911"]
[PlyCount "102"]
[EventDate "2009.04.20"]

1. e4 d5 2. e5 c5 3. d3 Nc6 4. Qe2 Qc7 5. Nf3 Bg4 6. Nbd2 e6 7. c3 O-O-O 8. Qe3
f6 9. d4 cxd4 10. cxd4 Bb4 11. Be2 Bxf3 12. Qxf3 fxe5 13. dxe5 Qxe5 14. O-O Nd4
15. Qe3 Nxe2+ 16. Kh1 Qxe3 17. fxe3 Nf6 18. Nb3 Nxc1 19. Raxc1+ Kb8 20. a3 Bd6
21. Nd4 Rhe8 22. h3 a6 23. Nf3 Rc8 24. Ng5 h6 25. Rxc8+ Kxc8 26. Rc1+ Kd7 27.
Nf3 Rc8 28. Rxc8 Kxc8 29. Nd4 Kd7 30. Kg1 g6 31. Kf2 Ne4+ 32. Kf3 Nd2+ 33. Ke2
Nc4 34. Kd3 Nxb2+ 35. Kc3 Bxa3 36. Kb3 Nc4 37. Nc2 Bc5 38. e4 Nd2+ 39. Kc3
Nxe4+ 40. Kd3 Kd6 41. Ke2 e5 42. Ne3 Bxe3 43. Kxe3 Nc3 44. Kd3 d4 45. g4 Kd5
46. h4 e4+ 47. Kc2 Kc4 48. Kd2 e3+ 49. Kc2 d3+ 50. Kc1 d2+ 51. Kb2 d1=Q 0-1

[Event "XV Torneo Leonardo di Bona B"]
[Site "Cutro ITA"]
[Date "2009.04.25"]
[Round "6"]
[White "Catapano, Francesco"]
[Black "Grano, Giuseppe"]
[Result "0-1"]
[WhiteElo "1772"]
[BlackElo "1706"]
[PlyCount "136"]
[EventDate "2009.04.20"]

1. Nf3 Nf6 2. g3 g6 3. Bg2 d5 4. O-O Bg7 5. d3 O-O 6. Nbd2 c6 7. e4 Bg4 8. h3
Bxf3 9. Qxf3 e6 10. Qe2 Nfd7 11. Nf3 Ne5 12. Nxe5 Bxe5 13. c3 d4 14. f4 Bg7 15.
e5 Re8 16. Kh2 Na6 17. c4 Qc7 18. a3 c5 19. Rb1 Rad8 20. b4 cxb4 21. axb4 b6
22. Bd2 Nb8 23. Ra1 a6 24. Qf3 Rd7 25. Ra2 Rc8 26. Rc1 Qd8 27. Rca1 Bf8 28. Qd1
Ra7 29. Qh1 Qc7 30. Be4 Be7 31. Qg2 Bd8 32. Kh1 Qe7 33. g4 h6 34. f5 g5 35. f6
Qc7 36. Qh2 Nc6 37. Rxa6 Rxa6 38. Rxa6 Nxe5 39. Bf4 Bxf6 40. Bxe5 Bxe5 41. Qf2
Kg7 42. Qf3 Bf4 43. Bb7 Rb8 44. Ba8 Qe5 45. Be4 Bd2 46. Ra7 Qf4 47. Qxf4 gxf4
48. Kg2 Bxb4 49. Kf3 e5 50. Bd5 Rf8 51. Rb7 Bc5 52. Ke4 Kf6 53. h4 Kg6 54. Kxe5
f5 55. Kxf4 Bd6+ 56. Kf3 fxg4+ 57. Kxg4 h5+ 58. Kh3 Rf2 59. Bg2 Rd2 60. Rxb6
Rxd3+ 61. Bf3 Rxf3+ 62. Kg2 Rf6 63. Rb5 Be7 64. Rg5+ Kh6 65. Rg8 Rf8 66. Rg3
Bxh4 67. Rd3 Bf6 68. Kf3 Rc8 0-1

[Event "XV Torneo Leonardo di Bona B"]
[Site "Cutro ITA"]
[Date "2009.04.25"]
[Round "6"]
[White "De Zerbi, Sergio"]
[Black "Soluri, Francesco"]
[Result "1-0"]
[WhiteElo "1612"]
[BlackElo "1500"]
[PlyCount "89"]
[EventDate "2009.04.20"]

1. e4 c5 2. c3 e5 3. d4 Nc6 4. d5 Nce7 5. Nf3 d6 6. Bb5+ Bd7 7. Bxd7+ Qxd7 8.
c4 g6 9. Nc3 Bg7 10. O-O Nh6 11. h3 O-O 12. Bd2 f5 13. Ng5 f4 14. Ne6 Rf6 15.
f3 Nf7 16. Nb5 a6 17. Nbc7 Ra7 18. b4 b6 19. Nxg7 Rxc7 20. Ne6 Rb7 21. bxc5
bxc5 22. Be1 Nd8 23. Bh4 Rf7 24. Nxd8 Qxd8 25. Qa4 Rb6 26. Rab1 Qb8 27. Rxb6
Qxb6 28. Qe8+ Kg7 29. Bxe7 Qc7 30. Bd8 Qb7 31. Qc6 Qb8 32. Bh4 h6 33. Qxa6 Rb7
34. Qa4 g5 35. Bf2 Ra7 36. Qb3 Rb7 37. Qa4 Ra7 38. Qb5 Rb7 39. Qc6 Kg6 40. Bxc5
Kh5 41. Bxd6 Qa7+ 42. Bc5 Qb8 43. d6 Rg7 44. d7 Qd8 45. Rd1 1-0

[Event "XV Torneo Leonardo di Bona B"]
[Site "Cutro ITA"]
[Date "2009.04.25"]
[Round "6"]
[White "Levato, Biagio"]
[Black "Policastrese, Salvatore"]
[Result "0-1"]
[WhiteElo "1546"]
[BlackElo "1431"]
[PlyCount "98"]
[EventDate "2009.04.20"]

1. e4 e5 2. Nf3 Nc6 3. d3 h6 4. g3 Nf6 5. Bg2 Bc5 6. c3 d6 7. O-O O-O 8. Nbd2
Bg4 9. Qc2 Qd7 10. b4 Bb6 11. Bb2 Bh3 12. Nc4 Bxg2 13. Kxg2 Rfe8 14. Nxb6 axb6
15. Rfe1 d5 16. exd5 Qxd5 17. a3 Ng4 18. c4 Qd6 19. h3 Nf6 20. Rad1 Nd4 21.
Nxd4 exd4 22. Bc1 c5 23. b5 Nh7 24. Rxe8+ Rxe8 25. Qd2 Qe6 26. Rh1 Qe2 27. Qxe2
Rxe2 28. Kf3 Ra2 29. h4 Ra1 30. Kg2 Nf6 31. Kf3 Nd7 32. Ke4 Nf6+ 33. Kf3 h5 34.
Kf4 Ng4 35. Kf3 Ne5+ 36. Ke4 Ng4 37. Kf3 f5 38. Kg2 Ne5 39. Rd1 Nxd3 40. Rxd3
Rxc1 41. Kf3 Rxc4 42. Ke2 Kf7 43. f3 Ke6 44. Kd2 Kd5 45. Kd1 Rc3 46. Kd2 Rxd3+
47. Kxd3 g6 48. a4 c4+ 49. Kd2 Kc5 0-1

[Event "XV Torneo Leonardo di Bona B"]
[Site "Cutro ITA"]
[Date "2009.04.25"]
[Round "6"]
[White "Manfredi, Candido"]
[Black "Rametta, Marcello"]
[Result "0-1"]
[WhiteElo "1683"]
[BlackElo "1738"]
[PlyCount "110"]
[EventDate "2009.04.20"]

1. e4 c5 2. Nf3 Nc6 3. c3 e6 4. d4 cxd4 5. cxd4 d5 6. exd5 Qxd5 7. Nc3 Bb4 8.
a3 Bxc3+ 9. bxc3 Nf6 10. Be2 O-O 11. O-O Na5 12. Bg5 Ne4 13. Bd2 Nc4 14. Bxc4
Qxc4 15. Rc1 b6 16. a4 Bb7 17. Ne5 Qd5 18. f3 Nxd2 19. Qxd2 f6 20. c4 Qd6 21.
Ng4 Rfd8 22. Rfd1 Rac8 23. Nf2 Qa3 24. Qe2 Rc6 25. Qc2 Rcd6 26. Rd3 Qb4 27.
Rcd1 Rxd4 28. Kf1 Rxd3 29. Rxd3 Rxd3 30. Nxd3 Qa3 31. Kf2 Bc6 32. Nb2 a6 33. h3
Qc5+ 34. Kf1 b5 35. Nd3 Qxc4 36. Qxc4 bxc4 37. Nb4 Bxa4 38. Na2 Bb3 39. Nc3 a5
40. Ke2 a4 41. Nb5 Kf8 42. Kd2 Ke7 43. Kc3 Kd7 44. f4 Kc6 45. Kb4 e5 46. fxe5
fxe5 47. Nc3 Kd6 48. g3 Ke6 49. g4 g5 50. Ka3 h6 51. Kb2 Kd6 52. Ka3 Kc5 53.
Kb2 Kd4 54. Ne2+ Kd3 55. Nc1+ Kd2 0-1

[Event "XV Torneo Leonardo di Bona B"]
[Site "Cutro ITA"]
[Date "2009.04.25"]
[Round "6"]
[White "Paragliola, Gennaro"]
[Black "Rizzuti, Pasquale"]
[Result "0-1"]
[WhiteElo "1635"]
[BlackElo "1814"]
[PlyCount "64"]
[EventDate "2009.04.20"]

1. d4 Nf6 2. c4 g6 3. Nc3 d5 4. cxd5 Nxd5 5. e4 Nxc3 6. bxc3 Bg7 7. Nf3 O-O 8.
Bc4 c5 9. O-O Bg4 10. Be3 cxd4 11. cxd4 Nc6 12. Bd5 Qd7 13. h3 Bxf3 14. Qxf3
Bxd4 15. Bxc6 bxc6 16. Rfd1 c5 17. Rac1 Rac8 18. Rd3 Rfd8 19. Rcd1 e5 20. Bg5
Re8 21. Qf6 Qe6 22. Qf3 c4 23. Ra3 c3 24. Be3 c2 25. Re1 Bb2 26. Rxa7 c1=Q 27.
Bxc1 Rxc1 28. Rxc1 Bxc1 29. a4 Rc8 30. a5 Bf4 31. g3 Qxh3 32. Qb3 Rc1+ 0-1

[Event "XV Torneo Leonardo di Bona B"]
[Site "Cutro ITA"]
[Date "2009.04.25"]
[Round "6"]
[White "Rotunno, Giuseppe"]
[Black "Familari, Giuseppe"]
[Result "0-1"]
[WhiteElo "1958"]
[BlackElo "1861"]
[PlyCount "74"]
[EventDate "2009.04.20"]

1. d4 Nf6 2. Nf3 e6 3. e3 b6 4. Be2 Bb7 5. O-O Be7 6. b3 g5 7. Bb2 g4 8. Ne5 h5
9. c4 d6 10. Nd3 c5 11. Nf4 Nbd7 12. Nc3 Qc7 13. Nb5 Qb8 14. dxc5 bxc5 15. Nc3
Qc7 16. a3 O-O-O 17. b4 Rhg8 18. Qa4 Kb8 19. Rab1 h4 20. Nb5 Qb6 21. Qd1 Qc6
22. Qa4 a6 23. Nc3 Qxa4 24. Nxa4 Ne4 25. Rbd1 g3 26. fxg3 hxg3 27. h3 Ndf6 28.
Nd3 Bc6 29. Nc3 Nxc3 30. Bxc3 Ne4 31. Be1 Bg5 32. Rxf7 Bxe3+ 33. Kh1 Ng5 34.
Re7 Rh8 35. Bxg3 Rxh3+ 36. Bh2 Rdh8 37. Re8+ Rxe8 0-1

[Event "XV Torneo Leonardo di Bona B"]
[Site "Cutro ITA"]
[Date "2009.04.25"]
[Round "6"]
[White "Scerra, Ezio"]
[Black "Virelli, Salvatore"]
[Result "0-1"]
[WhiteElo "1332"]
[BlackElo "1467"]
[PlyCount "102"]
[EventDate "2009.04.20"]

1. c4 e5 2. Nc3 Nf6 3. g3 Be7 4. Nf3 d6 5. Bg2 O-O 6. d3 c6 7. O-O Bg4 8. Ng5
h6 9. Nge4 Nbd7 10. f3 Bf5 11. e3 d5 12. Nf2 d4 13. Nce4 Nc5 14. Re1 Ncxe4 15.
fxe4 Be6 16. a3 Qd7 17. b4 a6 18. exd4 Qxd4 19. Be3 Qd7 20. Qd2 Ng4 21. Nxg4
Bxg4 22. Qc3 b5 23. c5 Rad8 24. Ra2 Qxd3 25. Qxe5 Bf6 26. Qf4 Bg5 27. Qf2 Bxe3
28. Rxe3 Qb1+ 29. Re1 Rd1 30. Rxd1 Qxd1+ 31. Qf1 Rd8 32. Qxd1 Rxd1+ 33. Kf2 Be6
34. Ke2 Rg1 35. Kf2 Rxg2+ 36. Kxg2 Bxa2 37. Kf3 f6 38. Kf4 Kf7 39. e5 g5+ 40.
Ke4 Bb1+ 41. Kd4 f5 42. g4 Ke6 43. gxf5+ Bxf5 44. Kc3 Kxe5 45. Kb3 Be6+ 46. Kb2
h5 47. a4 h4 48. axb5 axb5 49. Kc3 Ke4 50. Kd2 Kf3 51. Kd3 Kg2 0-1

[Event "XV Torneo Leonardo di Bona B"]
[Site "Cutro ITA"]
[Date "2009.04.25"]
[Round "6"]
[White "Tricomi, Massimo"]
[Black "Alagia, Pietro"]
[Result "0-1"]
[WhiteElo "1882"]
[BlackElo "1631"]
[PlyCount "70"]
[EventDate "2009.04.20"]

1. d4 d5 2. c4 c6 3. Nf3 g6 4. Nc3 Bg7 5. e3 Nf6 6. b3 O-O 7. Be2 Nbd7 8. O-O
Re8 9. Bb2 Nf8 10. cxd5 cxd5 11. Rc1 e6 12. Nb5 Re7 13. Ba3 Rd7 14. Ne5 Ne4 15.
Nxd7 Nxd7 16. Bd6 a6 17. Bc7 Qh4 18. Bg3 Nxg3 19. hxg3 Qe7 20. Nc7 Rb8 21. Rc2
b5 22. Qd2 Qg5 23. Rfc1 h5 24. Nxe6 fxe6 25. Rxc8+ Rxc8 26. Rxc8+ Kh7 27. Qa5
Nf6 28. Qxa6 h4 29. gxh4 Qxh4 30. Qxe6 Ne4 31. Qg8+ Kh6 32. Qh8+ Kg5 33. Qxh4+
Kxh4 34. Bxb5 Bf6 35. Rh8+ Bxh8 0-1

[Event "XV Torneo Leonardo di Bona B"]
[Site "Cutro ITA"]
[Date "2009.04.26"]
[Round "7"]
[White "Alagia, Pietro"]
[Black "Rotunno, Giuseppe"]
[Result "0-1"]
[WhiteElo "1631"]
[BlackElo "1958"]
[PlyCount "72"]
[EventDate "2009.04.20"]

1. d4 d5 2. Nc3 Nf6 3. g3 b6 4. Bg2 Bb7 5. Bf4 a6 6. Nf3 e6 7. O-O Bd6 8. Ne5
O-O 9. a4 Nbd7 10. a5 bxa5 11. Rxa5 c5 12. Nxd7 Nxd7 13. Bxd6 Qxa5 14. Bxf8
Rxf8 15. e3 Bc6 16. Qa1 Qb6 17. Qa3 cxd4 18. exd4 Rb8 19. Qd6 Nf6 20. Ra1 Ne8
21. Qa3 Nc7 22. Bf1 Qxb2 23. Qd6 Ne8 24. Qa3 Qxc2 25. Qc5 Rc8 26. Rb1 Bd7 27.
Qa7 Rc7 28. Qxa6 Qxc3 29. Rb8 Qc6 30. Qa5 Rb7 31. Ra8 Rb1 32. Rd8 Qc4 33. Kg2
Qxf1+ 34. Kf3 Rb3+ 35. Kf4 Qxf2+ 36. Kg5 Rxg3+ 0-1

[Event "XV Torneo Leonardo di Bona B"]
[Site "Cutro ITA"]
[Date "2009.04.26"]
[Round "7"]
[White "D'Elia, Mario Domenico"]
[Black "Scerra, Ezio"]
[Result "1-0"]
[WhiteElo "1440"]
[BlackElo "1332"]
[PlyCount "91"]
[EventDate "2009.04.20"]

1. f4 Nf6 2. Nf3 d5 3. e3 Bg4 4. Be2 Ne4 5. d3 Bxf3 6. Bxf3 Nf6 7. b3 e6 8. O-O
Bd6 9. Bb2 Nbd7 10. Qe1 Qe7 11. Kh1 h5 12. Qh4 O-O-O 13. Nd2 Bc5 14. d4 Bb4 15.
c3 Ng4 16. Qxe7 Bxe7 17. e4 Ne3 18. Rf2 dxe4 19. Nxe4 Ng4 20. Re2 Rdg8 21. h3
f5 22. Ng5 Bxg5 23. fxg5 e5 24. Bd5 Re8 25. Rae1 e4 26. b4 c6 27. Bb3 e3 28.
hxg4 hxg4+ 29. Kg1 g6 30. Rxe3 Ref8 31. Re7 Nb6 32. Bf7 Rh5 33. Re8+ Rxe8 34.
Rxe8+ Kd7 35. Bc1 f4 36. Re5 Nd5 37. Bxg6 Rh8 38. Bf5+ Kc7 39. Bd2 g3 40. Bg4
Rh4 41. Bf3 Kd6 42. g6 Rh6 43. g7 Rg6 44. Bxd5 cxd5 45. Bxf4 Rxg7 46. Rg5+ 1-0

[Event "XV Torneo Leonardo di Bona B"]
[Site "Cutro ITA"]
[Date "2009.04.26"]
[Round "7"]
[White "De Zerbi, Sergio"]
[Black "Catapano, Francesco"]
[Result "0-1"]
[WhiteElo "1612"]
[BlackElo "1772"]
[PlyCount "44"]
[EventDate "2009.04.20"]

1. e4 e6 2. d4 d5 3. Nc3 Nf6 4. Bg5 Be7 5. Bxf6 Bxf6 6. e5 Be7 7. Bd3 c5 8.
dxc5 Bxc5 9. Qg4 g6 10. Nf3 Nc6 11. a3 a6 12. O-O Bd7 13. Rfe1 b5 14. b4 Be7
15. Ne2 f5 16. exf6 Bxf6 17. Ned4 Nxd4 18. Nxd4 O-O 19. Nxe6 Bxa1 20. Bxg6 Qf6
21. Bf5+ Kh8 22. Nxf8 Rxf8 0-1

[Event "XV Torneo Leonardo di Bona B"]
[Site "Cutro ITA"]
[Date "2009.04.26"]
[Round "7"]
[White "Familari, Giuseppe"]
[Black "Rizzuti, Pasquale"]
[Result "0-1"]
[WhiteElo "1861"]
[BlackElo "1814"]
[PlyCount "77"]
[EventDate "2009.04.20"]

1. e4 c5 2. Nf3 Nc6 3. d4 cxd4 4. c3 dxc3 5. Nxc3 e6 6. Bc4 Bb4 7. O-O Bxc3 8.
bxc3 Qc7 9. Ba3 Nge7 10. Bd6 Qa5 11. Qd3 O-O 12. Rab1 a6 13. Rfe1 f6 14. e5 Rf7
15. Bb3 b5 16. Bc2 g6 17. h4 Qxa2 18. h5 f5 19. Ng5 Rg7 20. h6 Rf7 21. Nxf7
Kxf7 22. Bb3 Qa5 23. g4 Qd8 24. Kh2 fxg4 25. Re4 Nf5 26. Rxg4 Bb7 27. Qxf5+
gxf5 28. Rg7+ Ke8 29. Rg8+ Kf7 30. Rg7+ Ke8 31. Kh3 Ne7 32. Rbg1 Ng6 33. R1xg6
hxg6 34. h7 Bg2+ 35. Kxg2 Qg5+ 36. Kf1 Qc1+ 37. Ke2 Qh1 38. Rg8+ Kf7 39. h8=Q
0-1

[Event "XV Torneo Leonardo di Bona B"]
[Site "Cutro ITA"]
[Date "2009.04.26"]
[Round "7"]
[White "Ielapi, Vito"]
[Black "Manfredi, Candido"]
[Result "1-0"]
[WhiteElo "1911"]
[BlackElo "1683"]
[PlyCount "43"]
[EventDate "2009.04.20"]

1. d4 d5 2. Nf3 e6 3. e3 Nf6 4. Bd3 c5 5. c3 a6 6. O-O Bd6 7. Nbd2 O-O 8. e4
dxe4 9. Nxe4 Nxe4 10. Bxe4 Nd7 11. dxc5 Bxc5 12. Qc2 Nf6 13. Bg5 h6 14. Rad1
Qe7 15. Bh4 Bb6 16. Qe2 Bd8 17. Bb1 Qc5 18. Ne5 b5 19. Bxf6 Bxf6 20. Qd3 g6 21.
Nxg6 Qg5 22. Ne7+ 1-0

[Event "XV Torneo Leonardo di Bona B"]
[Site "Cutro ITA"]
[Date "2009.04.26"]
[Round "7"]
[White "Rametta, Marcello"]
[Black "Grano, Giuseppe"]
[Result "1-0"]
[WhiteElo "1738"]
[BlackElo "1706"]
[PlyCount "155"]
[EventDate "2009.04.20"]

1. e4 c5 2. c3 d6 3. Bd3 Nf6 4. Bc2 Nc6 5. h3 g6 6. Nf3 Bg7 7. O-O O-O 8. Re1
e5 9. d3 Qb6 10. Nbd2 Be6 11. Ng5 Nd8 12. Nxe6 Nxe6 13. Nc4 Qc7 14. Bd2 b5 15.
Ne3 c4 16. Nd5 Nxd5 17. exd5 Nc5 18. dxc4 bxc4 19. Qg4 Nd7 20. Bg5 Rab8 21. Ba4
Nf6 22. Bxf6 Bxf6 23. Re2 Rb6 24. Bc6 Rfb8 25. Rb1 Rxc6 26. dxc6 Qxc6 27. Rd1
d5 28. Qf3 e4 29. Qf4 Re8 30. f3 Be5 31. Qe3 Bc7 32. Kh1 Bb6 33. Qf4 e3 34. Qg5
f5 35. h4 Qd6 36. f4 Re4 37. g3 Bd8 38. Qh6 Bf6 39. h5 Bg7 40. Qg5 Kf7 41.
hxg6+ hxg6 42. Kg2 Bf6 43. Qh6 Re8 44. Qh1 Rh8 45. Qg1 Qc6 46. Rxe3 d4+ 47. Rf3
d3 48. Qxa7+ Be7 49. Qd4 Rd8 50. Qe3 Bc5 51. Qd2 Re8 52. Re1 Re4 53. b3 Qe6 54.
Kf1 Qc6 55. Kg2 cxb3 56. axb3 Qe6 57. Kf1 Rxe1+ 58. Qxe1 Qxb3 59. Rxd3 Qb7 60.
Qe5 Qh1+ 61. Ke2 Qg2+ 62. Kd1 Qf1+ 63. Kc2 Qg2+ 64. Rd2 Qc6 65. Qd5+ Qxd5 66.
Rxd5 Bf2 67. Rd3 Ke6 68. c4 Bb6 69. Kb3 Bc7 70. Kb4 Kf6 71. Kb5 g5 72. Kc6 Ba5
73. Rd6+ Kf7 74. fxg5 Be1 75. Rf6+ Kg7 76. Rxf5 Bxg3 77. Kd7 Kg6 78. Rd5 1-0

[Event "XV Torneo Leonardo di Bona B"]
[Site "Cutro ITA"]
[Date "2009.04.26"]
[Round "7"]
[White "Soluri, Francesco"]
[Black "Camposano, Antonio"]
[Result "1-0"]
[WhiteElo "1500"]
[BlackElo "1359"]
[PlyCount "143"]
[EventDate "2009.04.20"]

1. d4 e6 2. e4 h6 3. Nf3 c6 4. Bd3 d6 5. Be3 Qa5+ 6. c3 Qb6 7. Qc2 Qc7 8. Nbd2
a6 9. e5 d5 10. O-O c5 11. dxc5 Bxc5 12. Bxc5 Qxc5 13. Nb3 Qc7 14. Rfe1 Nd7 15.
Re2 Nc5 16. Nxc5 Qxc5 17. b4 Qc7 18. c4 Ne7 19. c5 Bd7 20. a4 Nc8 21. Nd4 Na7
22. Qb2 O-O 23. f4 Nc6 24. Nxc6 Qxc6 25. Rc2 Qc7 26. b5 Rfb8 27. b6 Qd8 28. Rf2
Qf8 29. Qc2 Rc8 30. Rc1 Rc6 31. Qc3 Rac8 32. Rfc2 Rxc5 33. Qd2 Bxa4 34. Rxc5
Rxc5 35. h3 Qc8 36. Rxc5 Qxc5+ 37. Kh2 Qxb6 38. Qc1 Qc6 39. Qa3 Qe8 40. Qb4 Bc6
41. h4 Qf8 42. Bh7+ Kxh7 43. Qxf8 Kg6 44. g4 d4 45. Kg3 d3 46. h5+ Kh7 47. Qd6
Bb5 48. Kf2 a5 49. Ke1 a4 50. Kd2 Ba6 51. Qb4 g6 52. hxg6+ Kxg6 53. Qxa4 h5 54.
Qe4+ Kh6 55. g5+ Kg7 56. f5 exf5 57. Qxf5 Bc4 58. Qf6+ Kg8 59. Qh6 b5 60. Qxh5
Kg7 61. Qh6+ Kg8 62. g6 fxg6 63. Qxg6+ Kf8 64. e6 Ke7 65. Qf7+ Kd6 66. Qd7+ Kc5
67. e7 Bf7 68. Kxd3 Bc4+ 69. Kc3 Bf7 70. e8=Q Bxe8 71. Qxe8 b4+ 72. Kb3 1-0

[Event "XV Torneo Leonardo di Bona B"]
[Site "Cutro ITA"]
[Date "2009.04.26"]
[Round "7"]
[White "Violi, Vincenzo"]
[Black "Paragliola, Gennaro"]
[Result "1-0"]
[WhiteElo "1644"]
[BlackElo "1635"]
[PlyCount "57"]
[EventDate "2009.04.20"]

1. e4 c6 2. d4 Nf6 3. Nc3 d6 4. f3 g6 5. Be3 Bg7 6. Qd2 e5 7. Nge2 b5 8. dxe5
dxe5 9. Qxd8+ Kxd8 10. O-O-O+ Nbd7 11. Ng3 a5 12. Be2 Ke7 13. h4 h5 14. Rd2 a4
15. a3 Ba6 16. Rhd1 Rhd8 17. Rd6 Bb7 18. Bg5 Ke8 19. Nh1 Ke7 20. Nf2 Nc5 21.
Rxd8 Rxd8 22. Rxd8 Kxd8 23. Be3 Bf8 24. Nd3 Na6 25. Nxe5 b4 26. axb4 Nxb4 27.
Nxf7+ Ke7 28. Ng5 Bh6 29. Bc5+ 1-0

[Event "XV Torneo Leonardo di Bona B"]
[Site "Cutro ITA"]
[Date "2009.04.26"]
[Round "7"]
[White "Virelli, Salvatore"]
[Black "Levato, Biagio"]
[Result "1/2-1/2"]
[WhiteElo "1467"]
[BlackElo "1546"]
[PlyCount "91"]
[EventDate "2009.04.20"]

1. e4 c5 2. Nf3 Nc6 3. c3 e6 4. d4 cxd4 5. cxd4 d6 6. Nc3 Nf6 7. Bg5 Be7 8. Bb5
Qb6 9. d5 Nxe4 10. Bxc6+ bxc6 11. Nxe4 Qb4+ 12. Ned2 Bxg5 13. Nxg5 cxd5 14. O-O
Ba6 15. Re1 Qf4 16. Ngf3 O-O 17. b3 Bd3 18. Re3 Bg6 19. g3 Qf6 20. Nh4 Rac8 21.
Nxg6 fxg6 22. Rf3 Qd4 23. Rxf8+ Rxf8 24. Qe1 e5 25. Rb1 h5 26. Qe3 Qg4 27. Qxa7
d4 28. Qe7 Qe2 29. Rf1 Qxd2 30. Qxd6 e4 31. Qd5+ Kh7 32. Qxe4 Qxa2 33. b4 Qb2
34. b5 Rf5 35. b6 Rb5 36. Rd1 Rb4 37. b7 Rxb7 38. Rxd4 Qc1+ 39. Kg2 Rb1 40. Kh3
Rb2 41. Rd5 Qf1+ 42. Kh4 Rxf2 43. Rxh5+ Kg8 44. Qe6+ Rf7 45. Qxg6 Qf6+ 46. Qg5
1/2-1/2

[Event "XXXI C.to Italiano seniores"]
[Site "Arvier ITA"]
[Date "2009.04.24"]
[Round "1"]
[White "Barlocco, Carlo"]
[Black "D'Aulisa, Francesco"]
[Result "1-0"]
[WhiteElo "2131"]
[BlackElo "1755"]
[PlyCount "57"]
[EventDate "2009.04.24"]

1. g3 d6 2. Bg2 h6 3. d4 e6 4. Nf3 Ne7 5. c4 Nd7 6. Nc3 a6 7. O-O g5 8. e4 Ng6
9. b4 b6 10. a4 Be7 11. Be3 g4 12. Ne1 e5 13. Qxg4 h5 14. Qd1 Nf6 15. Nd5 Bd7
16. Nd3 Qc8 17. Nxe7 Kxe7 18. dxe5 dxe5 19. Bg5 Bg4 20. f3 Bh3 21. f4 Bxg2 22.
Kxg2 h4 23. fxe5 Rh7 24. Rxf6 Ke8 25. e6 hxg3 26. hxg3 Qb7 27. Qf3 c6 28. Rf1
Ra7 29. Rxg6 1-0

[Event "XXXI C.to Italiano seniores"]
[Site "Arvier ITA"]
[Date "2009.04.24"]
[Round "1"]
[White "Beltrami, Nerio"]
[Black "Pettarini, Renato"]
[Result "0-1"]
[WhiteElo "2057"]
[BlackElo "1738"]
[PlyCount "112"]
[EventDate "2009.04.24"]

1. e4 c6 2. Nc3 d5 3. Nf3 dxe4 4. Nxe4 Bf5 5. Ng3 Bg6 6. h4 h6 7. Ne5 Qd6 8. d4
Nd7 9. Nxg6 Qxg6 10. Bd3 Qd6 11. c3 e6 12. O-O Ngf6 13. Qf3 Qc7 14. Re1 O-O-O
15. a4 Bd6 16. a5 a6 17. Bd2 Rdg8 18. c4 g5 19. Ne4 Bf4 20. Bb4 gxh4 21. Kh1
Rg4 22. Bf1 Nxe4 23. Rxe4 Nf6 24. Ree1 Rhg8 25. Re2 Nh5 26. Bd2 Qd8 27. Bxf4
Nxf4 28. Re4 Qg5 29. Rae1 Nxg2 30. Rxg4 Qxg4 31. Qxg4 Rxg4 32. Bxg2 Rxd4 33. b3
Rd3 34. Re3 Rd1+ 35. Kh2 Ra1 36. Rf3 f5 37. Re3 Kd7 38. Bf3 Rxa5 39. Kh3 Ra2
40. Be2 f4 41. Re4 f3 42. Bxf3 Rxf2 43. Re3 b5 44. Bg4 Rf6 45. c5 h5 46. Bxh5
Rf5 47. Bg4 Rxc5 48. Rxe6 Kc7 49. Re3 Kb6 50. Kxh4 b4 51. Re8 a5 52. Be2 Rc3
53. Bc4 a4 54. Rb8+ Kc5 55. Ra8 axb3 56. Bg8 b2 0-1

[Event "XXXI C.to Italiano seniores"]
[Site "Arvier ITA"]
[Date "2009.04.24"]
[Round "1"]
[White "Bogatto, Mario"]
[Black "Quagliarella, Sabino Remo"]
[Result "0-1"]
[WhiteElo "1468"]
[BlackElo "1911"]
[PlyCount "88"]
[EventDate "2009.04.24"]

1. Nf3 Nf6 2. c4 d6 3. Nc3 g6 4. d4 Bg7 5. g3 O-O 6. Bg2 Nbd7 7. Bf4 c6 8. O-O
Qc7 9. Rc1 e5 10. dxe5 dxe5 11. Be3 Ng4 12. Bd2 Nc5 13. Qc2 Bf5 14. e4 Be6 15.
b3 Rad8 16. Ne1 f5 17. h3 Nh6 18. Be3 Nxe4 19. Nxe4 fxe4 20. g4 Nf7 21. Qxe4
Nd6 22. Qc2 Nc8 23. Nd3 Kh8 24. f4 Rxd3 25. Qxd3 exf4 26. Rxf4 Rxf4 27. Bxf4
Qxf4 28. Rd1 Nb6 29. Kh1 Be5 30. Kg1 Nd7 31. Qd2 Qxd2 32. Rxd2 Kg7 33. g5 Bf5
34. Kf2 Bf4 35. Rd1 Bxg5 36. Kf3 Ne5+ 37. Ke2 a5 38. Rh1 h5 39. h4 Bd3+ 40. Ke1
Bf6 41. Kd2 Bf5 42. Ke3 Kf7 43. Be4 Ng4+ 44. Kf3 Bxe4+ 0-1

[Event "XXXI C.to Italiano seniores"]
[Site "Arvier ITA"]
[Date "2009.04.24"]
[Round "1"]
[White "Brandi, Marcello"]
[Black "Renzini, Lorenzo"]
[Result "0-1"]
[WhiteElo "1381"]
[BlackElo "1812"]
[PlyCount "110"]
[EventDate "2009.04.24"]

1. d4 Nf6 2. Nf3 g6 3. Nbd2 Bg7 4. e4 d6 5. Be2 O-O 6. O-O Nbd7 7. c3 e5 8.
dxe5 Nxe5 9. b4 Nfd7 10. Qc2 Qf6 11. Bb2 b6 12. a4 Bb7 13. Rfe1 Nc6 14. Rab1
Nce5 15. Ba1 Nxf3+ 16. Bxf3 Ne5 17. c4 Qe7 18. g3 Nxf3+ 19. Nxf3 Rfe8 20. Nd2
Qd7 21. Bxg7 Kxg7 22. b5 Re7 23. Re2 Rae8 24. Rbe1 Qg4 25. f3 Qh5 26. Qc3+ Qe5
27. Qxe5+ Rxe5 28. f4 R5e7 29. Kf2 a6 30. g4 axb5 31. cxb5 f6 32. h4 h6 33. f5
g5 34. h5 Kf7 35. Re3 Ra8 36. Ra1 Re5 37. Rc1 Rc5 38. Ra1 Ke7 39. Ke2 Rxb5 40.
Rea3 Rb4 41. Ke3 Bc6 42. a5 Rxa5 43. Rxa5 bxa5 44. Rxa5 Ra4 45. Rxa4 Bxa4 46.
Nc4 Bd1 47. Kf2 Bxg4 48. Ne3 Bxh5 49. Nd5+ Kf8 50. Nxf6 Be8 51. Nd5 c6 52. Nb6
Ke7 53. Kg3 h5 54. Nc4 Bf7 55. Ne3 Kf6 0-1

[Event "XXXI C.to Italiano seniores"]
[Site "Arvier ITA"]
[Date "2009.04.24"]
[Round "1"]
[White "Breidenbach, Heinz"]
[Black "Garvani, Vittorio"]
[Result "1/2-1/2"]
[WhiteElo "1522"]
[BlackElo "1971"]
[PlyCount "57"]
[EventDate "2009.04.24"]

1. d4 Nf6 2. Nf3 g6 3. h3 Bg7 4. Bf4 b6 5. e3 Bb7 6. Nbd2 O-O 7. Be2 d6 8. O-O
Nbd7 9. Bh2 Rc8 10. c3 c5 11. Re1 d5 12. Bd3 Ne4 13. Bc2 e6 14. Qe2 f5 15. Rac1
Rf7 16. Bd3 Qe7 17. c4 cxd4 18. exd4 Bh6 19. cxd5 exd5 20. Rxc8+ Bxc8 21. Rc1
Qd8 22. Rc2 Nxd2 23. Nxd2 Nf6 24. Be5 Ne4 25. Nf3 g5 26. Nh2 Bg7 27. Nf3 Bxe5
28. Nxe5 Rc7 29. Qh5 1/2-1/2

[Event "XXXI C.to Italiano seniores"]
[Site "Arvier ITA"]
[Date "2009.04.24"]
[Round "1"]
[White "Centofante, Maria Rosa"]
[Black "Faraci, Antonino"]
[Result "0-1"]
[WhiteElo "1603"]
[BlackElo "2012"]
[PlyCount "40"]
[EventDate "2009.04.24"]

1. d4 d5 2. Nf3 c6 3. c4 e6 4. Nc3 f5 5. cxd5 exd5 6. Bg5 Nf6 7. e3 Bd6 8. Bd3
O-O 9. Qc2 h6 10. Bh4 f4 11. Bxf6 Qxf6 12. e4 dxe4 13. Bxe4 Na6 14. O-O-O Nb4
15. Qb3+ Be6 16. d5 Bf7 17. a3 Na6 18. Qxb7 Nc5 19. Qxc6 Rfc8 20. Qb5 Nxe4 0-1